Horse knowledge - Statistics

General Stats
  • This quiz has been taken 1,720 times
  • The average score is 12 of 15
Answer Stats
Hint Answer % Correct
What units are horses' heights measured in? hands
96%
What is the term for a baby horse? foal
94%
What is the term for a rider of racehorses? jockey
93%
What is the name for the metal piece put in a horses mouth for control? bit
92%
What is the term for an adult female horse? mare
91%
What is the term for a small horse? pony
90%
What is the term for a horse going up on it's hind legs? rear
87%
What is the type of riding associated with cowboys? western
83%
What is the term for the person who trims/shoes a horse's hooves? farrier
82%
What is the part of the horses hoof that is also the name of an amphibian? frog
82%
What is the breed most commonly known for racing? thoroughbred
82%
What body part is measured to, to determine a horse's height? withers
75%
What is the type of riding associated with jumping and dressage? english
73%
What is the term for a heavy (working) horse? draft
61%
What is the fastest breed of horse? quarterhorse
42%
No matching quizzes found
Score Distribution
Percent of People with Each Score
Percentile by Number Answered
Your Score History
You have not taken this quiz